[Event "Alcorcon Spring op-B 1st"]
[Site "Alcorcon"]
[Date "2019.04.07"]
[Round "3"]
[White "De La Fuente Ebro, Miguel Angel"]
[Black "Torres Rebolledo, Marcos"]
[Result "1/2-1/2"]
[WhiteElo "1671"]
[BlackElo "1114"]
[PlyCount "93"]
[EventDate "2019.03.24"]
[EventType "swiss"]
[EventRounds "9"]
[EventCountry "ESP"]
[SourceTitle "EXT 2020"]
[Source "ChessBase"]
[SourceDate "2019.10.17"]
[SourceVersion "1"]
[SourceVersionDate "2019.10.17"]
[SourceQuality "1"]

1. d4 e6 2. c4 d5 3. Nc3 c5 4. dxc5 Nf6 5. cxd5 exd5 6. Nf3 Bxc5 7. e3 a6 8. Be2 Nc6 9. 0-0 b5 10. a3 0-0 11. b4 Bb6 12. Bb2 d4 13. exd4 Nxd4 14. Nxd4 Bxd4 15. Bf3 Rb8 16. Qc2 Bb7 17. Bxb7 Rxb7 18. Rad1 Rd7 19. Qf5 Rd6 20. Qf4 Nh5 21. Qf3 Nf6 22. Bc1 h6 23. Bf4 Rd7 24. Rc1 Qa8 25. Qxa8 Rxa8 26. Nb1 Bb6 27. Be5 Bd8 28. h3 Rd5 29. Bb2 Rd6 30. Rfe1 Bb6 31. Rcd1 Rad8 32. Rxd6 Rxd6 33. Be5 Re6 34. Bc3 Rxe1+ 35. Bxe1 Kh7 36. Kf1 Kg6 37. f3 Kh5 38. Ke2 g5 39. Nc3 Nd7 40. g4+ Kg6 41. Bg3 f5 42. Bd6 Kf7 43. Bg3 Ke6 44. Be1 f4 45. Bd2 Nf6 46. Bc1 Nd5 47. Ne4 1/2-1/2

[Event "Madrid-ch Previa-A"]
[Site "Madrid"]
[Date "2019.02.05"]
[Round "2"]
[White "De La Fuente Ebro, Miguel Angel"]
[Black "Camarero Izquierdo, Juan Carlos"]
[Result "0-1"]
[WhiteElo "1689"]
[BlackElo "1867"]
[PlyCount "56"]
[EventDate "2019.02.04"]
[EventType "swiss"]
[EventRounds "9"]
[EventCountry "ESP"]
[SourceTitle "EXT 2021"]
[Source "ChessBase"]
[SourceDate "2020.10.23"]
[SourceVersion "1"]
[SourceVersionDate "2020.10.23"]
[SourceQuality "1"]

1. d4 f5 2. c4 e6 3. Nf3 d5 4. e3 Nf6 5. Nc3 c6 6. cxd5 exd5 7. Bd3 Bd6 8. 0-0 0-0 9. Qc2 Ne4 10. g3 Nd7 11. Nd2 Ndf6 12. Ndxe4 fxe4 13. Be2 Bh3 14. Re1 Ng4 15. Nd1 Qf6 16. Bf1 Qh6 17. f4 exf3 18. Nf2 Nxf2 19. Qxf2 Bxf1 20. Rxf1 Qh3 21. Bd2 Rf6 22. a3 h5 23. Kh1 Re8 24. Rg1 Re4 25. Rad1 Rg4 26. Bc3 h4 27. gxh4 Rxh4 28. Rd2 Rfh6 0-1

[Event "Madrid-ch Previa-A"]
[Site "Madrid"]
[Date "2018.02.07"]
[Round "3"]
[White "Lopez Heras, Arturo"]
[Black "De La Fuente Ebro, Miguel Angel"]
[Result "1/2-1/2"]
[WhiteElo "1849"]
[BlackElo "1712"]
[PlyCount "89"]
[EventDate "2018.02.05"]
[EventType "swiss"]
[EventRounds "9"]
[EventCountry "ESP"]
[SourceTitle "EXT 2020"]
[Source "ChessBase"]
[SourceDate "2019.10.17"]
[SourceVersion "1"]
[SourceVersionDate "2019.10.17"]
[SourceQuality "1"]

1. d4 Nf6 2. Nf3 d5 3. c4 e6 4. Bg5 Be7 5. e3 0-0 6. Nc3 Nbd7 7. Qc2 b6 8. cxd5 exd5 9. Bd3 Bb7 10. 0-0 c6 11. h3 h6 12. Bf4 Re8 13. Rae1 a5 14. e4 dxe4 15. Nxe4 Nxe4 16. Bxe4 Ba6 17. Bd3 Bxd3 18. Qxd3 Bf6 19. Rxe8+ Qxe8 20. Re1 Qd8 21. Qe4 Rc8 22. b3 c5 23. d5 b5 24. Rd1 c4 25. Nd4 Bxd4 26. Qxd4 c3 27. Rc1 b4 28. Kf1 Nc5 29. Be3 Nd7 30. a3 Nc5 31. Qc4 Nd7 32. Qd4 Nc5 33. Qc4 Nd7 34. Qf4 Nf6 35. d6 Nd5 36. Qd4 Nxe3+ 37. fxe3 Qf6+ 38. Qxf6 gxf6 39. axb4 axb4 40. Ke2 Rd8 41. Kd3 Rxd6+ 42. Kc4 Rb6 43. Rc2 Kg7 44. Kc5 Rb8 45. Kc4 1/2-1/2

[Event "Madrid-ch Previa-A"]
[Site "Madrid"]
[Date "2017.02.06"]
[Round "1"]
[White "Vukotic Jovsic, Dragan"]
[Black "De La Fuente Ebro, Miguel Angel"]
[Result "1-0"]
[WhiteElo "1968"]
[BlackElo "1712"]
[PlyCount "59"]
[EventDate "2017.02.06"]
[EventType "swiss"]
[EventRounds "9"]
[EventCountry "ESP"]
[SourceTitle "CBM 177 Extra"]
[Source "ChessBase"]
[SourceDate "2017.04.27"]
[SourceVersion "1"]
[SourceVersionDate "2017.04.27"]
[SourceQuality "1"]

1. d4 Nf6 2. Nf3 g6 3. Bf4 d5 4. e3 e6 5. Nbd2 Bg7 6. Be2 0-0 7. h3 b6 8. 0-0 Ba6 9. a4 Bxe2 10. Qxe2 Nbd7 11. a5 c5 12. c3 c4 13. b3 b5 14. bxc4 dxc4 15. a6 Nd5 16. Bd6 Re8 17. Rfc1 Qb6 18. Bh2 Nb8 19. e4 Nf6 20. Rcb1 Qc6 21. Ne5 Qc8 22. Rxb5 Nxa6 23. Rba5 Nc7 24. Rxa7 Rxa7 25. Rxa7 Nb5 26. Rxf7 Nxc3 27. Qf3 Ncxe4 28. Nxe4 Nxe4 29. Rxg7+ Kxg7 30. Qf7+ 1-0

[Event "Madrid-ch Previa-A"]
[Site "Madrid"]
[Date "2014.02.10"]
[Round "4"]
[White "Perez Cameselle, Francisco Jose"]
[Black "De La Fuente Ebro, Miguel Angel"]
[Result "0-1"]
[WhiteElo "1895"]
[BlackElo "1772"]
[PlyCount "54"]
[EventDate "2014.02.03"]
[EventType "swiss"]
[EventRounds "9"]
[EventCountry "ESP"]
[SourceTitle "EXT 2015"]
[Source "ChessBase"]
[SourceDate "2014.11.20"]
[SourceVersion "1"]
[SourceVersionDate "2014.11.20"]
[SourceQuality "1"]

1. Nf3 Nf6 2. g3 d5 3. Bg2 g6 4. 0-0 Bg7 5. d3 0-0 6. Nbd2 c6 7. e4 dxe4 8. dxe4 Qa5 9. Qe2 Be6 10. Re1 Na6 11. e5 Nd7 12. Nb3 Bxb3 13. cxb3 e6 14. Bg5 Rfe8 15. a3 Qc7 16. h4 h6 17. Bf4 Rad8 18. b4 Nab8 19. Qe3 Kh7 20. Qxa7 Nb6 21. b5 Rd5 22. bxc6 Nxc6 23. Rac1 Ra8 24. Rxc6 Qxc6 25. Nd4 Qc7 26. Qxa8 Nxa8 27. Bxd5 Qa5 0-1